| 000 | 00537cam a2200193ua 4500 | ||
|---|---|---|---|
| 001 | 11743 | ||
| 008 | 191101n ii |||gr||||Z||||||eng | ||
| 020 | _a9780199467020 | ||
| 040 | _cMAIN | ||
| 041 | _aeng | ||
| 082 | _a301.0954 | ||
| 100 |
_aSujata Patel, _eEditor. |
||
| 245 |
_aDoing sociology in india : _bGenealogies, locations and practices / _cEd by Sujata Patel . |
||
| 250 | _a1st ed pap. | ||
| 260 |
_aNew Delhi: _bOxford university press, _c2016. |
||
| 300 | _a328p. | ||
| 653 | _aSociology & anthropology | ||
| 942 | _cBK | ||
| 999 |
_c10546 _d10546 |
||